000
00369nam a22001697a 4500
003
MPLRDC
005
20220104114606.0
008
210129b ||||| |||| 00| 0 eng d
082
_a
150 LY
100
_a
李怡编著
245
_a
逻辑学初步
_c
250
_a
四版
260
_a
_b
益群出版社
_c
1968
300
_b
平
650
_a
942
_c
BK
_o
150 LY
999
_c
8686
_d
8676